| 000 | 00601nam a2200229Ia 4500 | ||
|---|---|---|---|
| 003 | OSt | ||
| 005 | 20241226112857.0 | ||
| 008 | 210323s9999||||xx |||||||||||||| ||und|| | ||
| 040 | _cSTCPL | ||
| 041 | _aHIN | ||
| 041 | _hHND | ||
| 082 |
_aH1 _bDHA-K |
||
| 100 |
_aBharati, Dharmavir _qधर्मवीर भारती |
||
| 245 | 0 |
_aKanupriya / _cby Dharmavir Bharati _hकनुप्रीया |
|
| 250 | _a9th ed. | ||
| 260 |
_aNew Delhi : _bBharatiya Jnanpith , _c1984 . |
||
| 300 |
_a73 p. _bHB |
||
| 650 | _aHindi literature | ||
| 650 | _aPoetry | ||
| 942 | _cBK | ||
| 942 |
_2ddc _n0 |
||
| 999 |
_c35998 _d35998 |
||